| 000 | 00570nam a22001817a 4500 | ||
|---|---|---|---|
| 999 |
_c524680 _d524680 |
||
| 003 | NUST | ||
| 038 | _aFaiza | ||
| 082 |
_a891.4911 _bZAK |
||
| 100 |
_aZakhmi, Iqbal _915477 |
||
| 245 |
_aDam Dam Parhan Salam Madiny / _cIqbal Zakhmi |
||
| 260 |
_aLahore : _bIdara Punjabi Likharian, _c2001. |
||
| 300 | _a144 p. ; | ||
| 500 | _aHard cover. | ||
| 880 |
_6100-01\r _aاقبال زخمی |
||
| 880 |
_6245-02\r _aدَم دَم پڑھاں سلام مدینے / |
||
| 880 |
_6260-03\r _aلاہور : _bادارہ پنجابی لکھاریاں, _c۲۰۰۱. |
||
| 942 |
_2ddc _cBK |
||